000
00330nam a2200145Ia 4500
999
_c
5889
_d
5889
003
OSt
008
191201s2014 xx 000 0 und d
100
_a
LARI, Osama
245
0
_a
Basics of Non Destructive Testing
250
_a
Rep
260
_a
N. delhi
_b
katson
_c
2014
300
_a
261
650
_a
B.Tech(CE)
942
_2
ddc
_c
BK